000 00619cab a22001935a 4500
001 L147131
008 090325e20090327xxk f 000 0 eng d
035 _a(Sirsi) u147131
041 0 _aeng
100 1 _aLever, Jon
245 0 0 _aAPC advice
260 _c2009
490 0 _aProperty Week
_v75(13) 27 March 2009, 48(1)
520 _aDiscusses the preparation for both supervisor and counsellor for the 18 month supervisor and counsellor review.
590 _aKA
651 4 _aUnited Kingdom
_y
690 _aCAREERS, EDUCATION AND TRAINING-QUALIFICATION ROUTES-ASSESSMENT OF PROFESSIONAL COMPETENCE
942 _n0
999 _c81397
_d81397